| 000 | 01644nam0a2200361 4500 | ||
|---|---|---|---|
| 001 | RU\NLR\BIBL_A\012118739 | ||
| 005 | 20260405192451.0 | ||
| 035 | _a(NLR Aleph) 012118739 | ||
| 090 |
_a11981707 _c11981707 |
||
| 100 | _a20061204d1903 |||y0rusy50 ca | ||
| 101 | 1 |
_arus _cger |
|
| 102 | _aRU | ||
| 105 | _ay|||z|||000ay | ||
| 200 | 1 |
_aМоре и люди _eдрама в 3 действ., Г. Энгеля _gприспособленный для русской сцены перевод с немецкого Н.Н. Тамарина и Е.И. Дыниной |
|
| 210 |
_aСпб. _cЖурн. "Театр и искусство" _dценз. 1903 |
||
| 215 |
_a32 с. в 2 стб. _d21 |
||
| 300 | _aЗагл. ориг.: Ueber den wassern | ||
| 300 | _aПер. также под загл.: Возрождение; Над водами; Над пучиной; Спасение | ||
| 309 | _aБез тит. л. и обл. | ||
| 451 | 0 |
_12001#$aВозрождение _tВозрождение |
|
| 451 | 0 |
_12001#$aНад водами _tНад водами |
|
| 451 | 0 |
_12001#$aНад пучиной _tНад пучиной |
|
| 451 | 0 |
_12001#$aСпасение _tСпасение |
|
| 454 | 0 |
_12001#$aUeber den wassern _tUeber den wassern |
|
| 686 | 1 | _aШ6(4Г)57-6{Лх1357-215} | |
| 700 | 1 |
_aЭнгель _bГ. _f1866-1931 _gГеорг |
|
| 702 | 1 |
_4730 _8rus _7ca _aТамарин _bН. Н. _f1866- _gНиколай Николаевич _3RU\NLR\AUTH\7784362 _967290 |
|
| 702 | 1 |
_aДынина _bЕ.И. _4730 |
|
| 852 |
_aNLR _j34.50.3.357 |
||
| 942 | _cBOOK | ||
| 980 | _aNB | ||